El Censo de población de 1983 y su perspectiva ocupacional/

Bewaard in:
Bibliografische gegevens
Hoofdauteur: Fleming Arias, Francisco
Andere auteurs: Sandoval Torres, Oscar
Formaat: Texto
Gepubliceerd in: San José: ADEC
Tags: Voeg label toe
Geen labels, Wees de eerste die dit record labelt!

MARC

LEADER 00000 a a2200000 04500
001 14410
003
040
090 |a 022400  
100 |a Fleming Arias, Francisco  
245 |a El Censo de población de 1983 y su perspectiva ocupacional/   |c Francisco Fleming Arias 
260 |a San José:   |b ADEC  
300 |a 10 p.  
700 |a Sandoval Torres, Oscar  
999 |c 15957  |d 15957